书目信息 |
| 题名: |
中草药鉴别与应用
|
|
| 作者: | 谢普 编著 | |
| 分册: | ||
| 出版信息: | 北京 中医古籍出版社 2017 |
|
| 页数: | 402页 | |
| 开本: | 25cm | |
| 丛书名: | 养生与诊疗药典 | |
| 单 册: | ||
| 中图分类: | R282.5 | |
| 科图分类: | ||
| 主题词: | 中药鉴定学--zhong yao jian ding xue | |
| 电子资源: | ||
| ISBN: | 978-7-5152-1504-4 | |
| 000 | 01024nam 2200277 45 | |
| 001 | 012001003156 | |
| 005 | 20140101102700.0 | |
| 010 | @a978-7-5152-1504-4@dCNY68.00 | |
| 099 | @aCAL 012017144153 | |
| 100 | @a20170911d2017 em y0chiy50 ea | |
| 101 | 0 | @achi |
| 102 | @aCN@b110000 | |
| 105 | @aa z 000yy | |
| 106 | @ar | |
| 200 | 1 | @a中草药鉴别与应用@Azhong cao yao jian bie yu ying yong@f谢普编著 |
| 210 | @a北京@c中医古籍出版社@d2017 | |
| 215 | @a402页@c图@d25cm | |
| 225 | 2 | @a养生与诊疗药典@Ayang sheng yu zhen liao yao dian |
| 300 | @a阅读无障碍经典读本 | |
| 330 | @a本书介绍了多种中草药的鉴别要点, 包括小档案、功效主治、真伪鉴别、注意事项、药膳养生、古今验方, 分为清热解毒、祛风湿、消食、止血、补气等十六类中草药病药方配制, 并附以验方精选, 内容丰富但易于理解, 适合中医爱好者阅读。 | |
| 410 | 0 | @12001 @a养生与诊疗药典 |
| 606 | 0 | @a中药鉴定学@Azhong yao jian ding xue |
| 690 | @aR282.5@v5 | |
| 701 | 0 | @a谢普@Axie pu@4编著 |
| 801 | 2 | @aCN@b北京卓展@c20191020 |
| 905 | @b1210587-90@dR282.5@e516@f4 | |
| 中草药鉴别与应用/谢普编著.-北京:中医古籍出版社,2017 |
| 402页:图;25cm.-(养生与诊疗药典) |
| 阅读无障碍经典读本 |
| ISBN 978-7-5152-1504-4:CNY68.00 |
| 本书介绍了多种中草药的鉴别要点, 包括小档案、功效主治、真伪鉴别、注意事项、药膳养生、古今验方, 分为清热解毒、祛风湿、消食、止血、补气等十六类中草药病药方配制, 并附以验方精选, 内容丰富但易于理解, 适合中医爱好者阅读。 |
| ● |
| 相关链接 |
|
|
|
|
正题名:中草药鉴别与应用
索取号:R282.5/516
 
预约/预借
| 序号 | 登录号 | 条形码 | 馆藏地/架位号 | 状态 | 备注 |
| 1 | 1210587 | 212105871 | 第二样本阅览室/ [索取号:R282.5/516] | 在馆 | |
| 2 | 1210588 | 212105880 | 第三借阅区/ [索取号:R282.5/516] | 在馆 | |
| 3 | 1210589 | 212105899 | 第三借阅区/ [索取号:R282.5/516] | 在馆 | |
| 4 | 1210590 | 212105906 | 第三借阅区/ [索取号:R282.5/516] | 在馆 |